| 000 | 00337nam a2200121Ia 4500 | ||
|---|---|---|---|
| 008 | 210430s9999 xx 000 0 und d | ||
| 082 | _a545 H254 Q | ||
| 100 |
_aDaniel C.Harris _952173 |
||
| 245 |
_aQuantitative Chemical Analysis _cDaniel C.Harris |
||
| 260 |
_aNew york _bW.H.Freeman company _c1999 |
||
| 300 | _a899p | ||
| 942 |
_cBK _2ddc |
||
| 999 |
_c562404 _d562404 |
||